LEADER 00945nam0-2200313---450- 001 990008342390403321 005 20060612102605.0 010 $a88-8183-110-4 035 $a000834239 035 $aFED01000834239 035 $a(Aleph)000834239FED01 035 $a000834239 100 $a20060612d1995----km-y0itay50------ba 101 0 $aita 102 $aIT 105 $aa-------001yy 200 1 $a<>chiese di Napoli$eviaggio indimenticabile attraverso la storia artistica, architettonica, letteraria, civile e spirituale della Napoli sacra$fVincenzo Regina 210 $aRoma$cNewton & Compton$dc1995 215 $a320 p.$cill.$d22 cm 225 1 $aQuest'Italia$v226 610 0 $aNapoli$aChiese 700 1$aRegina,$bVincenzo$0139587 801 0$aIT$bUNINA$gRICA$2UNIMARC 901 $aBK 912 $a990008342390403321 952 $a01.218$b3508$fDARST 959 $aDARST 996 $aChiese di Napoli$9104524 997 $aUNINA LEADER 01841nam 2200457Ia 450 001 996390839803316 005 20221108094412.0 035 $a(CKB)1000000000655886 035 $a(EEBO)2240915298 035 $a(UnM)99896258 035 $a(UnM)9928762500971 035 $a(EXLCZ)991000000000655886 100 $a19981008d1677 uy | 101 0 $aeng 135 $aurbn||||a|bb| 200 10$aMorbus Satanicus. The devils disease. Or the sin of pride arraigned and condemned. The 27 edition, with many additions. By William Jones, student in divinity$b[electronic resource] 210 $aLondon $cprinted, by W.L. and T.J. for W. Thackery, T. Passenger, P. Brooksby, J. and Williumson$d1677 215 $a[24] p. $cill 300 $aMost other editions have Andrew Jones on title page. 300 $aReproduction of original in the Folger Shakespeare Library. 330 $aeebo-0055 606 $aPride and vanity$vEarly works to 1800 606 $aChristian life$xAnglican authors$vEarly works to 1800 606 $aWomen$xConduct of life$vEarly works to 1800 606 $aWomen and religion$vEarly works to 1800 606 $aWomen$xMoral and ethical aspects$vEarly works to 1800 606 $aMisogyny$vEarly works to 1800 615 0$aPride and vanity 615 0$aChristian life$xAnglican authors 615 0$aWomen$xConduct of life 615 0$aWomen and religion 615 0$aWomen$xMoral and ethical aspects 615 0$aMisogyny 700 $aJones$b Andrew$cM.A.$0569681 801 0$bCu-RivES 801 1$bCu-RivES 801 2$bWaOLN 906 $aBOOK 912 $a996390839803316 996 $aMorbus Satanicus. The devils disease. Or the sin of pride arraigned and condemned. The 27 edition, with many additions. By William Jones, student in divinity$92297416 997 $aUNISA LEADER 04428nam 22006135 450 001 9910298393103321 005 20251116165908.0 010 $a3-319-05266-7 024 7 $a10.1007/978-3-319-05266-3 035 $a(CKB)2560000000148864 035 $a(EBL)1782223 035 $a(SSID)ssj0001204836 035 $a(PQKBManifestationID)11696674 035 $a(PQKBTitleCode)TC0001204836 035 $a(PQKBWorkID)11180617 035 $a(PQKB)11469045 035 $a(MiAaPQ)EBC1782223 035 $a(DE-He213)978-3-319-05266-3 035 $a(PPN)178317942 035 $a(EXLCZ)992560000000148864 100 $a20140405d2014 u| 0 101 0 $aeng 135 $aur|n|---||||| 181 $ctxt 182 $cc 183 $acr 200 10$aClimate Change and Indigenous Peoples in the United States $eImpacts, Experiences and Actions /$fedited by Julie Koppel Maldonado, Benedict Colombi, Rajul Pandya 205 $a1st ed. 2014. 210 1$aCham :$cSpringer International Publishing :$cImprint: Springer,$d2014. 215 $a1 online resource (178 p.) 300 $a"Previously published in Climatic Change Volume 120, issue 3, 2013"--T.p. 311 08$a1-322-13446-4 311 08$a3-319-05265-9 320 $aIncludes bibliographical references at the end of each chapters. 327 $aIntroduction: Climate Change and Indigenous Peoples of the USA -- Justice Forward: Tribes, Climate Adaptation and Responsibility -- Culture, Law, Risk and Governance: Contexts of Traditional Knowledge in Climate Change Adaptation -- The Impacts of Climate Change on Tribal Traditional Foods -- Indigenous Frameworks for Observing and Responding to Climate Change in Alaska -- Climate Change Impacts on the Water Resources of American Indians and Alaska Natives in the U.S. -- Climate Change in Arid Lands and Native American Socioeconomic Vulnerability: The Case of the Pyramid Lake Paiute Tribe -- The Impact of Climate Change on Tribal Communities in the US: Displacement, Relocation and Human Rights -- Cultural Impacts to Tribes from Climate Change Influences on Forests -- Changing Stream flow on Columbia Basin Tribal Lands? Climate Change and Salmon -- Exploring Effects of Climate Change on Northern Plains American Indian Health -- The Effect of Climate Change on Glacier Ablation and Base flow Support in the Nooksack River Basin and Implications on Pacific Salmonid Species Protection and Recovery -- Re-thinking Colonialism to Prepare for the Impacts of Rapid Environmental Change. 330 $aWith a long history and deep connection to the Earth?s resources, indigenous peoples have an intimate understanding and ability to observe the impacts linked to climate change. Traditional ecological knowledge and tribal experience play a key role in developing future scientific solutions for adaptation to the impacts. The book explores climate-related issues for indigenous communities in the United States, including loss of traditional knowledge, forests and ecosystems, food security and traditional foods, as well as water, Arctic sea ice loss, permafrost thaw, and relocation. The book also highlights how tribal communities and programs are responding to the changing environments. Fifty authors from tribal communities, academia, government agencies, and NGOs contributed to the book. Previously published in Climatic Change, Volume 120, Issue 3, 2013. 606 $aClimatic changes 606 $aManagement 606 $aClimate Change$3https://scigraph.springernature.com/ontologies/product-market-codes/U12007 606 $aClimate Change Management and Policy$3https://scigraph.springernature.com/ontologies/product-market-codes/314000 606 $aCultural Management$3https://scigraph.springernature.com/ontologies/product-market-codes/X22050 615 0$aClimatic changes. 615 0$aManagement. 615 14$aClimate Change. 615 24$aClimate Change Management and Policy. 615 24$aCultural Management. 676 $a363.738740897 702 $aMaldonado$b Julie Koppel$4edt$4http://id.loc.gov/vocabulary/relators/edt 702 $aColombi$b Benedict$4edt$4http://id.loc.gov/vocabulary/relators/edt 702 $aPandya$b Rajul$4edt$4http://id.loc.gov/vocabulary/relators/edt 906 $aBOOK 912 $a9910298393103321 996 $aClimate Change and Indigenous Peoples in the United States$92510141 997 $aUNINA